000 00797cam a22002411 4500
999 _c8466
_d8466
001 8466
003 BD-JhCC
005 20180627095759.0
008 730109s1961 caua b 000 0 eng
035 _a(BD-JhCC)8466
040 _aDLC
_cDLC
_dDLC
041 _aeng
050 0 0 _aHQ784.T4
_bS35
082 0 0 _a791.45013
_bSCH 1961
100 1 _aSchramm, Wilbur,
_d1907-1987.
245 1 0 _aTelevision in the lives of our children /
_c[by] Wilbur Schramm, Jack Lyle [and] Edwin B. Parker. With a psychiatrist's comment on the effects of television, by Lawrence Z. Freedman.
260 _aStanford, Calif.,
_bStanford University Press,
_c1961.
300 _a324 p.
_billus.
_c24 cm.
504 _aIncludes bibliography.
650 0 _aTelevision and children.
942 _2ddc
_cBK